<?xml version="1.0" encoding="UTF-8"?>
<record
    xmlns:xsi="http://www.w3.org/2001/XMLSchema-instance"
    xsi:schemaLocation="http://www.loc.gov/MARC21/slim http://www.loc.gov/standards/marcxml/schema/MARC21slim.xsd"
    xmlns="http://www.loc.gov/MARC21/slim">

  <leader>01275nam0a2200313   4500</leader>
  <controlfield tag="001">RU\NLR\bibl\178521</controlfield>
  <controlfield tag="005">20260406142921.0</controlfield>
  <datafield tag="010" ind1=" " ind2=" ">
    <subfield code="a">5-235-02389-7</subfield>
    <subfield code="9">5000</subfield>
  </datafield>
  <datafield tag="021" ind1=" " ind2=" ">
    <subfield code="a">RU</subfield>
    <subfield code="b">2000-49145</subfield>
    <subfield code="9">2264</subfield>
  </datafield>
  <datafield tag="035" ind1=" " ind2=" ">
    <subfield code="a">(NLR Aleph) 000175209</subfield>
  </datafield>
  <datafield tag="090" ind1=" " ind2=" ">
    <subfield code="a">1010520</subfield>
    <subfield code="c">1010520</subfield>
  </datafield>
  <datafield tag="100" ind1=" " ind2=" ">
    <subfield code="a">20010823d2000    |||y0rusy50      ca</subfield>
  </datafield>
  <datafield tag="101" ind1="1" ind2=" ">
    <subfield code="a">rus</subfield>
    <subfield code="c">fre</subfield>
  </datafield>
  <datafield tag="102" ind1=" " ind2=" ">
    <subfield code="a">RU</subfield>
  </datafield>
  <datafield tag="105" ind1=" " ind2=" ">
    <subfield code="a">a   |||||||||</subfield>
  </datafield>
  <datafield tag="200" ind1="1" ind2=" ">
    <subfield code="a">&#x41B;&#x44E;&#x442;&#x435;&#x440;</subfield>
    <subfield code="f">&#x418;&#x432;&#x430;&#x43D; &#x413;&#x43E;&#x431;&#x440;&#x438;</subfield>
    <subfield code="g">[&#x41F;&#x435;&#x440;. &#x441; &#x444;&#x440;. &#x415;.&#x412;. &#x413;&#x43E;&#x43B;&#x43E;&#x432;&#x438;&#x43D;&#x43E;&#x439;</subfield>
    <subfield code="g">&#x412;&#x441;&#x442;&#x443;&#x43F;. &#x441;&#x442;. &#x410;.&#x41F;. &#x41B;&#x435;&#x432;&#x430;&#x43D;&#x434;&#x43E;&#x432;&#x441;&#x43A;&#x43E;&#x433;&#x43E;]</subfield>
  </datafield>
  <datafield tag="210" ind1=" " ind2=" ">
    <subfield code="a">&#x41C;.</subfield>
    <subfield code="c">&#x41C;&#x43E;&#x43B;&#x43E;&#x434;&#x430;&#x44F; &#x433;&#x432;&#x430;&#x440;&#x434;&#x438;&#x44F;</subfield>
    <subfield code="c">&#x41F;&#x430;&#x43B;&#x438;&#x43C;&#x43F;&#x441;&#x435;&#x441;&#x442;</subfield>
    <subfield code="d">2000</subfield>
  </datafield>
  <datafield tag="215" ind1=" " ind2=" ">
    <subfield code="a">513, [1] &#x441;., [16] &#x43B;. &#x438;&#x43B;., &#x43F;&#x43E;&#x440;&#x442;&#x440;., &#x444;&#x430;&#x43A;&#x441;.</subfield>
    <subfield code="d">21</subfield>
  </datafield>
  <datafield tag="225" ind1="1" ind2=" ">
    <subfield code="a">&#x416;&#x438;&#x437;&#x43D;&#x44C; &#x437;&#x430;&#x43C;&#x435;&#x447;&#x430;&#x442;&#x435;&#x43B;&#x44C;&#x43D;&#x44B;&#x445; &#x43B;&#x44E;&#x434;&#x435;&#x439;</subfield>
    <subfield code="e">&#x421;&#x435;&#x440;. &#x431;&#x438;&#x43E;&#x433;&#x440;.</subfield>
    <subfield code="f">&#x41E;&#x441;&#x43D;. &#x432; 1933 &#x433;. &#x41C;. &#x413;&#x43E;&#x440;&#x44C;&#x43A;&#x438;&#x43C;</subfield>
    <subfield code="v">&#x412;&#x44B;&#x43F;. 786</subfield>
  </datafield>
  <datafield tag="320" ind1=" " ind2=" ">
    <subfield code="a">&#x411;&#x438;&#x431;&#x43B;&#x438;&#x43E;&#x433;&#x440;.: &#x441;. 511-512</subfield>
  </datafield>
  <datafield tag="600" ind1=" " ind2="1">
    <subfield code="a">&#x41B;&#x44E;&#x442;&#x435;&#x440;</subfield>
    <subfield code="b">&#x41C;.</subfield>
    <subfield code="f">1483 - 1546</subfield>
    <subfield code="g">&#x41C;&#x430;&#x440;&#x442;&#x438;&#x43D;</subfield>
    <subfield code="9">1154020</subfield>
    <subfield code="3">RU\NLR\auth\66142813</subfield>
  </datafield>
  <datafield tag="686" ind1=" " ind2=" ">
    <subfield code="a">&#x42D;376.11-343-028.1</subfield>
  </datafield>
  <datafield tag="700" ind1=" " ind2="1">
    <subfield code="a">&#x413;&#x43E;&#x431;&#x440;&#x438;</subfield>
    <subfield code="b">&#x418;.</subfield>
    <subfield code="g">&#x418;&#x432;&#x430;&#x43D;</subfield>
    <subfield code="4">070</subfield>
  </datafield>
  <datafield tag="702" ind1=" " ind2="1">
    <subfield code="4">570</subfield>
    <subfield code="8">rus</subfield>
    <subfield code="7">ca</subfield>
    <subfield code="a">&#x41B;&#x44E;&#x442;&#x435;&#x440;</subfield>
    <subfield code="b">&#x41C;.</subfield>
    <subfield code="f">1483-1546</subfield>
    <subfield code="g">&#x41C;&#x430;&#x440;&#x442;&#x438;&#x43D;</subfield>
    <subfield code="3">RU\NLR\auth\773602</subfield>
    <subfield code="9">113596</subfield>
  </datafield>
  <datafield tag="801" ind1=" " ind2="0">
    <subfield code="a">RU</subfield>
    <subfield code="b">NLR</subfield>
    <subfield code="c">20010823</subfield>
    <subfield code="g">PSBO</subfield>
  </datafield>
  <datafield tag="801" ind1=" " ind2="1">
    <subfield code="a">RU</subfield>
    <subfield code="b">NLR</subfield>
    <subfield code="c">20010823</subfield>
  </datafield>
  <datafield tag="942" ind1=" " ind2=" ">
    <subfield code="c">BOOK</subfield>
  </datafield>
  <datafield tag="980" ind1=" " ind2=" ">
    <subfield code="a">NB</subfield>
  </datafield>
  <datafield tag="995" ind1=" " ind2=" ">
    <subfield code="5">2004-09-02</subfield>
    <subfield code="a">aa</subfield>
    <subfield code="b">NLR03</subfield>
    <subfield code="c">NLR03</subfield>
    <subfield code="e">UJZ</subfield>
    <subfield code="f">1-547319</subfield>
    <subfield code="k">&#x42E; &#x42D;3/&#x413;-57</subfield>
    <subfield code="o">0</subfield>
    <subfield code="p">122.00</subfield>
    <subfield code="r">BOOK</subfield>
    <subfield code="s">_357</subfield>
  </datafield>
  <datafield tag="995" ind1=" " ind2=" ">
    <subfield code="5">2004-12-07</subfield>
    <subfield code="a">az</subfield>
    <subfield code="b">NLR02</subfield>
    <subfield code="c">NLR02</subfield>
    <subfield code="e">NZ1</subfield>
    <subfield code="f">1-144926</subfield>
    <subfield code="k">&#x421;2 &#x42D;376/&#x413;-574</subfield>
    <subfield code="o">0</subfield>
    <subfield code="p">122.00</subfield>
    <subfield code="r">BOOK</subfield>
    <subfield code="s">2_376574</subfield>
  </datafield>
  <datafield tag="995" ind1=" " ind2=" ">
    <subfield code="5">2005-01-08</subfield>
    <subfield code="a">az</subfield>
    <subfield code="b">NLR01</subfield>
    <subfield code="c">NLR01</subfield>
    <subfield code="e">OZ1</subfield>
    <subfield code="f">1-497914</subfield>
    <subfield code="k">&#x421;1 &#x42D;376/&#x413;-574</subfield>
    <subfield code="o">0</subfield>
    <subfield code="p">122.00</subfield>
    <subfield code="r">BOOK</subfield>
    <subfield code="s">1_376574</subfield>
  </datafield>
  <datafield tag="995" ind1=" " ind2=" ">
    <subfield code="5">2001-08-23</subfield>
    <subfield code="a">ad</subfield>
    <subfield code="b">NLR01</subfield>
    <subfield code="c">NLR01</subfield>
    <subfield code="e">RF8</subfield>
    <subfield code="f">1-693533</subfield>
    <subfield code="k">2001-3/10832</subfield>
    <subfield code="o">0</subfield>
    <subfield code="r">BOOK</subfield>
    <subfield code="s">2001310832_</subfield>
  </datafield>
  <datafield tag="995" ind1=" " ind2=" ">
    <subfield code="5">2001-08-23</subfield>
    <subfield code="a">ad</subfield>
    <subfield code="b">NLR01</subfield>
    <subfield code="c">NLR01</subfield>
    <subfield code="e">RF8</subfield>
    <subfield code="f">1-2679645</subfield>
    <subfield code="k">2001-3/10832</subfield>
    <subfield code="o">0</subfield>
    <subfield code="r">BOOK</subfield>
    <subfield code="s">2001310832_</subfield>
  </datafield>
</record>
